Psychological perspectives of education: (Record no. 152463)

MARC details
000 -LEADER
fixed length control field 00603nam a22001817a 4500
005 - DATE AND TIME OF LATEST TRANSACTION
control field 20180605163911.0
010 ## - LCCN (DPL NO)
LC control number ENG-123136
020 ## - INTERNATIONAL STANDARD BOOK NUMBER
Terms of availability 130.00
International Standard Book Number 9789386262059
035 ## - SYSTEM CONTROL NUMBER
System control number EN-106668
037 ## - SOURCE OF ACQUISITION
Source of stock number/acquisition DBAD/PUB
082 ## - DEWEY DECIMAL CLASSIFICATION NUMBER
Classification number 372.019
100 ## - MAIN ENTRY--PERSONAL NAME
Personal name Pal B.k.
245 ## - TITLE STATEMENT
Title Psychological perspectives of education:
Statement of responsibility, etc by B.K. Pal [and] Neera Sadh
Remainder of title elementary level /
260 ## - PUBLICATION, DISTRIBUTION, ETC. (IMPRINT)
Place of publication, distribution, etc Delhi
Name of publisher, distributor, etc Shipra Publications
Date of publication, distribution, etc 2017
270 ## - ADDRESS
Address LG 18-19, Pankaj Central Market, I.P. Ext., Patparganj,
City Delhi
Postal code 110092
300 ## - PHYSICAL DESCRIPTION
Extent 174p.
Dimensions 23cm(Pbk)
Other physical details b and w photos
942 ## - ADDED ENTRY ELEMENTS (KOHA)
Source of classification or shelving scheme Dewey Decimal Classification
Item type English Books
Call number suffix PAL
Classification part 372.019
Holdings
Withdrawn status Lost status Not for loan Collection code Home library Current library Date acquired Source of acquisition Cost, normal purchase price Full call number Barcode Copy number Cost, replacement price Koha item type
    Not For Loan Non-fiction D.B.Act.Division Patel Nagar 31/05/2018 DBAD/PUB 130.00 372.019 PAL EN-106668 1 130.00 English Books

© Delhi Public Library
Hit Counter
free hit counter